Statistics for Most Cats By Country

Click here to take the quiz!

General Stats

  • This quiz has been taken 36 times
  • The average score is 9 of 10

Answer Stats

AmountCountry% Correct
53.100.000China
100%
7.700.000United Kingdom
100%
7.800.000Germany
97%
7.200.000Japan
97%
12.700.000Russia
94%
9.600.000France
94%
12.400.000Brazil
85%
9.400.000Italy
85%
76.000.000USA
59%
7.400.000Ukraine
53%

Score Distribution

Percentile by Number Answered

Percent of People with Each Score

Your Score History

You have not taken this quiz